000
00313nam a2200133Ia 4500
008
230523s9999 xx 000 0 und d
100
_a
Bahga, Arshdeep
245
0
_a
Internet of Things: A Hands-on Approach
260
_a
Hyderabad
260
_b
University Press
260
_c
2020
300
_a
520
942
_c
RB
999
_c
2074
_d
2074